000 00731nam a2200289Ia 4500
001 7971
005 20240113234044.0
007 ta
008 050714s1983 a g b000 u eng u
020 _cRs. 25.00 (HB)
040 _aCotton College,Assam
041 _aeng
082 _a591.872
_bP 871 Es
100 _aPowar, C.B. .
245 0 _aEssentials of Cytology /
_cC.B. Powar.
_hTextual Documents
250 _a1st ed. /
260 _aBombay :
_bHimalaya Publishing ,
_c1983.
300 _a368p. :
_bill ;
_c22cm .
365 _aRs. 25.00
653 _aZoology
653 _aBotany
653 _aCytology
653 _aPG-Zoology
942 _2ddc
_cBK
999 _c7958
_d7958